000 00735nam0a22002291 4500
001 rc\62949
005 20250620164747.0
035 _a(NLR Aleph) 005337969
090 _a6662464
_c6662464
100 _a20021216d1992 |||y0rusy50 ca
101 0 _arus
102 _aRU
105 _aa |||||||||
200 1 _aНаходка
_e(Повесть для детей)
_fИгорь Егоров
_g[Худож. С.В. Горбунов]
210 _aОмск
_cИнформ.-изд. агентство "Блик"
_d1992
215 _a44, [2] с.
_cил.
_d20
700 1 _aЕгоров
_bИ.В.
_gИгорь Владимирович
801 0 _aRU
_bNLR
_gpsbo
801 1 _aRU
_bELAR
_2rusmarc
852 _aNLR
_j92-4/3461
942 _cBOOK
980 _aNB